00483nam a2200133Ia 4500003000200000005001700002008004100019050002500060100003400085245008900119260008600208300002800294521002700322020250214144943.0140724s9999 xx 000 0 und d aQA 76.5b.Ab163 2009 aAbrigo, Julio Antonio Andaya. aComputerized inventory system of Alyssa Feeds Supply /cJulio Antonio Andaya Abrigo. aLas Piñas, Philippines :bSouthville International School and Colleges,cc2009. a60 p. :bill. ;c28 cm. aInformation Technology